00235nam a2200097Ia 4500008004100000100001600041245003100057260002300088300000800111650001800119191201s2007 xx 000 0 und d aFIORE, Neil 0aAwaken Your Strongest Self aN.DelhibTMHc2007 a240 aGeneral Books